Gazeta de la Regencia de España e Indias. (Record no. 173053)

MARC details
000 -LEADER
campo de control de longitud fija 00821nas a2200241 i 4500
001 - NÚMERO DE CONTROL
campo de control 173053
003 - IDENTIFICADOR DE NÚMERO DE CONTROL
campo de control ES-MaACL
005 - FECHA Y HORA DE LA ÚLTIMA TRANSACCIÓN
campo de control 20250217134832.0
008 - DATOS DE LONGITUD FIJA--INFORMACIÓN GENERAL
campo de control de longitud fija 091020d18101812sp | ne | ||pa d
022 ## - NÚMERO INTERNACIONAL NORMALIZADO PARA PUBLICACIONES SERIADAS
Número Internacional Normalizado para Publicaciones Seriadas 0212-1255
080 ## - NÚMERO DE LA CLASIFICACIÓN DECIMAL UNIVERSAL
Número de la Clasificación Decimal Universal (054)
080 ## - NÚMERO DE LA CLASIFICACIÓN DECIMAL UNIVERSAL
Número de la Clasificación Decimal Universal 34(460)
080 ## - NÚMERO DE LA CLASIFICACIÓN DECIMAL UNIVERSAL
Número de la Clasificación Decimal Universal 35(460)
245 00 - MENCIÓN DEL TÍTULO
Título Gazeta de la Regencia de España e Indias.
260 ## - PUBLICACIÓN, DISTRIBUCIÓN, ETC.
Lugar de publicación, distribución, etc. Cádiz :
Nombre del editor, distribuidor, etc. [s.n.],
Fecha de publicación, distribución, etc. 1810-1812 (
Fabricante Imprenta Real)
300 ## - DESCRIPCIÓN FÍSICA
Extensión P. 903-910 ;
Dimensiones 20 cm.
362 1# - FECHAS DE PUBLICACIÓN Y/O DESIGNACIÓN SECUENCIAL
Fecha de publicación y/o designación secuencial Comenzó en 1810; cesó en 1812.
787 0# - ENTRA/ENLACE A OTRAS RELACIONES
Título Gaceta de Madrid (1697)
852 ## - LOCALIZACIÓN
Ubicación ES-MaACL
Número de control de estantería R-3318(19)
Nota libre .- Enc. en un vol. facticio con otras obras formando "Miscelánea patriótica"
856 ## - LOCALIZACIÓN Y ACCESO ELECTRÓNICOS
Identificador Uniforme de Recursos <a href="http://www.boe.es/aeboe/consultas/bases_datos/gazeta.php ">http://www.boe.es/aeboe/consultas/bases_datos/gazeta.php </a>
Nota pública Ir a la página
866 #0 - MENCIÓN TEXTUAL DE FONDOS--UNIDAD BIBLIOGRÁFICA BÁSICA
Fondos N. 95, jueves 15 de noviembre de 1810
Holdings
Estatus retirado Estado de pérdida Estado de daño No para préstamo Colección Biblioteca de origen Biblioteca actual Ubicación en estantería Fecha de adquisición Fuente de adquisición Total de préstamos Signatura topográfica completa Código de barras Visto por última vez Precio de reemplazo Tipo de ítem Koha
        Colección digital Biblioteca del Ateneo de Madrid Biblioteca del Ateneo de Madrid Depósito 20/10/2009     R-3318(19) 1181585 23/02/2023 23/02/2023 Revista